| 000 | 01233nam a22003857a 4500 | ||
|---|---|---|---|
| 003 | CHAP | ||
| 005 | 20240522114714.0 | ||
| 008 | 060810d2005 it rn 00110 eng d | ||
| 010 | _a92524 | ||
| 011 | _a93496 | ||
| 020 | _a9252054146 | ||
| 035 | _a104070 | ||
| 040 | _cCHAP | ||
| 082 | 0 | 4 |
_a628.1 _bF34f v.29 |
| 110 | 2 | _aFAO | |
| 245 | 1 | 0 |
_aL'irrigation en Afrique en chiffres : _benquete Aquastat - 2005 _c/par Karen Frenken |
| 260 |
_aRome : _bFAO, _c2005. |
||
| 300 |
_a78 p. ; _bcuadros ; gráfs., + 1 disco compacto de 4 3/4 plgs. |
||
| 410 | 2 | 0 | _aFAO |
| 490 | 0 |
_aInformes sobre temas hídricos _v; 29 |
|
| 590 |
_aBATCH-UPD _b10 _c20130110 |
||
| 590 |
_aBATCH-UPD _b10 _c20130410 |
||
| 590 |
_aBATCH-UPD _b10 _c20130914 |
||
| 590 |
_aBATCH-UPD _b10 _c20191107 |
||
| 590 |
_aCONVERSION _b10 _c20130109 |
||
| 650 | 1 | 4 |
_aIrrigación _xAfrica. _960368 |
| 700 | 1 |
_aFrenken, Karen. _943178 |
|
| 810 | 0 | _aFAO | |
| 830 | 0 | 0 |
_aInformes sobre temas hídricos _v; 29 _958154 |
| 901 | _aBK | ||
| 905 | _aAlejandra Carrasco M. | ||
| 942 |
_cCD _2ddc |
||
| 949 |
_a628.1 F34f v.29 _bBC _cFAO _d33724000992582 _eFAO1 _gDonaciØn _h107783 _i104070 _sb |
||
| 949 |
_a628.1 F34f v.29 _bBC _cFAO _d33724002025629 _eCD _fCD _gDonaciØn _i104070 _sb |
||
| 999 |
_c92524 _d92524 |
||